Estados de EEUU vs paises del mundo - Estadísticas

Estadísticas generales
  • Esta prueba ha sido intentada 65 veces
  • La puntuación promedio es 8 de 15
Estadísticas de respuestas
Pregunta Respuesta % Correcto
Mas población Illinois
80%
Mas densidad poblacional Montana
73%
Mayor PIB (nominal) Israel
67%
Mas cantidad de multimillonarios Nueva York
67%
Mayor PIB (nominal) Polonia
67%
Mayor PIB (nominal) Iowa
60%
Mas cantidad de multimillonarios Nevada
60%
Mas población Perú
60%
Mas densidad poblacional Maryland
47%
Mayor superficie Sudan
40%
Mas densidad poblacional Nepal
33%
Mayor superficie Oregon
33%
Mas población Australia
27%
Mas cantidad de multimillonarios Malasia
27%
Mayor superficie Zambia
27%
No se encontraron pruebas coincidentes
Distribución de puntuación
Porcentaje de gente con cada puntuación
Porcentaje por número respondido
Historial de tus puntuaciones
No has intentado esta prueba.